000 00280nam a2200121Ia 4500
008 190216s9999||||xx |||||||||||||| ||und||
100 _aUlloor S Parameswara Aiyer
245 0 _aPingala
260 _bUlloor Publishers
_c1966
300 _a15p
650 _aKavithkal
942 _cBK
999 _c23867
_d23867